[Event "ITA-ch U14"]
[Site "Tarvisio"]
[Date "2023.07.02"]
[Round "1"]
[White "Sanguinetti, Edoardo1"]
[Black "Cocozza, Giuseppe"]
[Result "1-0"]
[WhiteElo "1967"]
[BlackElo "1117"]
[PlyCount "119"]
[EventDate "2023.07.02"]
[EventType "swiss"]
[EventRounds "9"]
[EventCountry "ITA"]
[SourceTitle "EXT 2024"]
[Source "ChessBase"]
[SourceDate "2023.10.10"]
[SourceVersion "1"]
[SourceVersionDate "2023.10.10"]
[SourceQuality "1"]

1. c4 c5 2. Nc3 g6 3. g3 Bg7 4. Bg2 d6 5. e4 Nc6 6. Nge2 e6 7. 0-0 Nge7 8. d3 0-0 9. Be3 Bd7 10. d4 cxd4 11. Nxd4 a6 12. Nde2 Ne5 13. b3 Bc6 14. h3 f5 15. f4 Nf7 16. Rc1 fxe4 17. Nxe4 Nf5 18. Bf2 Rc8 19. Nd4 Nxd4 20. Bxd4 Bxd4+ 21. Qxd4 Bxe4 22. Bxe4 Rc7 23. Rcd1 Re8 24. Rf2 Rd7 25. Rfd2 Qe7 26. Kg2 Red8 27. Qc3 e5 28. fxe5 Qxe5 29. Qxe5 Nxe5 30. Bd5+ Kg7 31. Be6 Re7 32. Rxd6 Rde8 33. Bd5 Nf7 34. Rb6 Nd8 35. Bf3 Kf8 36. Rf6+ Kg7 37. Rfd6 Nf7 38. Rd7 Ne5 39. Rxe7+ Rxe7 40. Re1 Kf6 41. g4 Nxf3 42. Rxe7 Kxe7 43. Kxf3 Ke6 44. Ke4 h6 45. h4 b6 46. b4 Kd6 47. h5 gxh5 48. gxh5 Ke6 49. c5 bxc5 50. bxc5 a5 51. a4 Kd7 52. Kd5 Kc7 53. c6 Kc8 54. Kc5 Kc7 55. Kb5 Kc8 56. Kxa5 Kc7 57. Kb5 Kc8 58. Kb6 Kb8 59. a5 Kc8 60. c7 1-0